| 000 | 00620nam a22001817a 4500 | ||
|---|---|---|---|
| 999 |
_c183574 _d183574 |
||
| 005 | 20211229102000.0 | ||
| 010 | _aENG-130162 | ||
| 020 |
_a978-93-886-9526 _c699.00 |
||
| 035 | _aEN-113694 | ||
| 037 | _bDBAD | ||
| 082 | _a954 | ||
| 100 | _aVarma, Pavan K. | ||
| 245 |
_aChankay's View: _bUnderstanding India In Transition _cPavan K. Varma |
||
| 260 |
_aChennai _bWestland Publications Private Limited _c2019 |
||
| 270 |
_a1st Floor, A Block, East Wing, Plot No. 40, SP Infocity, Dr MGR Salai, Perungudi, Kandanchavadi _bChennai _e600096 |
||
| 300 |
_a324p _c24cm(hbk) |
||
| 942 |
_2ddc _cEN _h954 _mVAR |
||